Masonería y ejército en la segunda república (Record no. 13301)

MARC details
000 -LEADER
campo de control de longitud fija 00751nam a2200229 i 4500
001 - NÚMERO DE CONTROL
campo de control 13301
003 - IDENTIFICADOR DE NÚMERO DE CONTROL
campo de control ES-MaACL
005 - FECHA Y HORA DE LA ÚLTIMA TRANSACCIÓN
campo de control 20250805063221.0
007 - CAMPO FIJO DE DESCRIPCIÓN FÍSICA--INFORMACIÓN GENERAL
campo de control de longitud fija t|
008 - DATOS DE LONGITUD FIJA--INFORMACIÓN GENERAL
campo de control de longitud fija 980127s1997 sp ||||1| spa d
020 ## - NÚMERO INTERNACIONAL ESTÁNDAR DEL LIBRO
Número Internacional Estándar del Libro 84-605-6568-8
080 ## - NÚMERO DE LA CLASIFICACIÓN DECIMAL UNIVERSAL
Número de la Clasificación Decimal Universal 061.236.61(460):355"1931/39"
080 ## - NÚMERO DE LA CLASIFICACIÓN DECIMAL UNIVERSAL
Número de la Clasificación Decimal Universal 355"1931/39":061.236.61(460)
100 1# - ENTRADA PRINCIPAL--NOMBRE DE PERSONA
Nombre de persona Lavaur, Luis,
Fechas asociadas al nombre 1917-
9 (RLIN) 70695
245 10 - MENCIÓN DEL TÍTULO
Título Masonería y ejército en la segunda república
Resto del título : (1931-1939) /
Mención de responsabilidad, etc. Luis Lavaur.
260 ## - PUBLICACIÓN, DISTRIBUCIÓN, ETC.
Lugar de publicación, distribución, etc. Madrid :
Nombre del editor, distribuidor, etc. El autor,
Fecha de publicación, distribución, etc. D.L. 1997.
300 ## - DESCRIPCIÓN FÍSICA
Extensión 188 p., 23 p. de lám. ;
Dimensiones 24 cm.
610 24 - PUNTO DE ACCESO ADICIONAL DE MATERIA--NOMBRE DE ENTIDAD CORPORATIVA
Nombre de entidad corporativa o nombre de jurisdicción como elemento de entrada Masonería-
Subdivisión geográfica España-
Subdivisión cronológica S.XX.
9 (RLIN) 5664
650 14 - PUNTO DE ACCESO ADICIONAL DE MATERIA--TÉRMINO DE MATERIA
Término de materia o nombre geográfico como elemento de entrada Fuerzas armadas-
Subdivisión geográfica España-
Subdivisión cronológica 1931-1939.
9 (RLIN) 12999
852 ## - LOCALIZACIÓN
Ubicación ES-MaACL
Número de control de estantería L-20602
Sublocalización o colección R.126259
Holdings
Estatus retirado Estado de pérdida Estado de daño No para préstamo Biblioteca de origen Biblioteca actual Ubicación en estantería Fecha de adquisición Fuente de adquisición Total de préstamos Signatura topográfica completa Código de barras Visto por última vez Precio de reemplazo Tipo de ítem Koha
        Biblioteca del Ateneo de Madrid Biblioteca del Ateneo de Madrid Depósito 2 17/01/2008     L-20602 1013544 23/02/2023 23/02/2023 Libro impreso